| 000 | 01240nam0a2200313 i 4500 | ||
|---|---|---|---|
| 001 | RU\NLR\BIBL_A\011239668 | ||
| 005 | 20240921200620.0 | ||
| 021 |
_aRU _b2016-1880и _9162и |
||
| 035 | _a(NLR Aleph) 011239668 | ||
| 090 |
_a12115026 _c12115026 |
||
| 100 | _a20161013d2016 u y0rusy50 ca | ||
| 101 | 0 |
_arus _deng |
|
| 102 | _aRU | ||
| 105 | _aacb z 000yy | ||
| 200 | 1 |
_aМонастыри Нижегородского края. Храмы Нижнего Новгорода _eфотоатлас _f[фото: В. Алексеев и др.] |
|
| 210 |
_aНижний Новгород _cЗгеев В.А. _d2016 |
||
| 215 |
_a46, [1] c. _cцв. ил., портр., карт. _d15х20 |
||
| 300 | _aРез. на англ. яз. | ||
| 517 | 1 | _aХрамы Нижнего Новгорода | |
| 606 | 1 |
_aЦеркви и соборы _yНижний Новгород, город _92609665 _3RU\NLR\AUTH\661546223 |
|
| 606 | 1 |
_aМонастыри _yНижегородская область _92078156 _3RU\NLR\AUTH\661253985 |
|
| 686 | 2 | _aЭ372.24-655 | |
| 686 | 2 | _aЭ372.24-647.2 | |
| 942 | _cBOOK | ||
| 980 | _aNBR | ||